Carbon sequestration in red and black soils of semi-arid tropical part of India. I. Influence of morphological properties (Record no. 55170)

MARC details
000 -LEADER
fixed length control field 00695nam a2200253Ia 4500
100 ## - MAIN ENTRY--AUTHOR NAME
Personal name Bhattacharyya T
245 #0 - TITLE STATEMENT
Title Carbon sequestration in red and black soils of semi-arid tropical part of India. I. Influence of morphological properties
260 ## - PUBLICATION, DISTRIBUTION, ETC. (IMPRINT)
Name of publisher Agropedology
Year of publication 2007
300 ## - PHYSICAL DESCRIPTION
Number of Pages 15-Jan
650 ## - SUBJECT ADDED ENTRY--TOPICAL TERM
Topical Term Bioclimate
650 ## - SUBJECT ADDED ENTRY--TOPICAL TERM
Topical Term Inorganic carbon
650 ## - SUBJECT ADDED ENTRY--TOPICAL TERM
Topical Term Morphological properties
650 ## - SUBJECT ADDED ENTRY--TOPICAL TERM
Topical Term Organic carbon
700 ## - ADDED ENTRY--PERSONAL NAME
Personal name Chandran P
700 ## - ADDED ENTRY--PERSONAL NAME
Personal name Mandal C
700 ## - ADDED ENTRY--PERSONAL NAME
Personal name Manna M C
700 ## - ADDED ENTRY--PERSONAL NAME
Personal name Pal D K
700 ## - ADDED ENTRY--PERSONAL NAME
Personal name Ramesh V
700 ## - ADDED ENTRY--PERSONAL NAME
Personal name Ray S K
700 ## - ADDED ENTRY--PERSONAL NAME
Personal name Venugopalan M V
700 ## - ADDED ENTRY--PERSONAL NAME
Personal name Wani S P
942 ## - ADDED ENTRY ELEMENTS (KOHA)
Koha item type Journals
Holdings
Withdrawn status Lost status Damaged status Not for loan Home library Current library Shelving location Date acquired Serial Enumeration / chronology Koha item type
      Journals RRII Library RRII Library Agronomy 16/04/2008 Volume 17, Issue 1 Journals